Alle Städte in der Oberpfalz - Statistiken

Allgemein
  • Dieses Quiz wurde 152 mal gespielt
  • Das Durchschnittsergebnis liegt bei 21 aus 48
Antwortstatistiken
Kreis Einwohner Stadt % Korrekt
kreisfrei 153.094 Regensburg
95%
Cham 16.990 Cham
92%
kreisfrei 42.207 Amberg
91%
Schwandorf 29.130 Schwandorf
88%
kreisfrei 42.743 Weiden in der Oberpfalz
88%
Neumarkt in der Oberpfalz 40.277 Neumarkt in der Oberpfalz
83%
Tirschenreuth 8.712 Tirschenreuth
80%
Amberg-Sulzbach 19.410 Sulzbach-Rosenberg
79%
Neustadt an der Waldnaab 1.113 Neustadt am Kulm
77%
Neustadt an der Waldnaab 5.685 Neustadt an der Waldnaab
77%
Cham 12.142 Roding
55%
Schwandorf 13.687 Burglengenfeld
51%
Schwandorf 11.787 Maxhütte-Haidhof
51%
Schwandorf 6.142 Nabburg
50%
Cham 9.084 Furth im Wald
47%
Neustadt an der Waldnaab 7.407 Vohenstrauß
43%
Regensburg 13.997 Neutraubling
42%
Schwandorf 9.027 Nittenau
41%
Schwandorf 7.550 Teublitz
41%
Neumarkt in der Oberpfalz 7.292 Parsberg
40%
Cham 6.677 Waldmünchen
39%
Neustadt an der Waldnaab 4.975 Windischeschenbach
39%
Tirschenreuth 6.668 Waldsassen
38%
Cham 7.480 Bad Kötzting
36%
Schwandorf 5.051 Oberviechtach
36%
Schwandorf 5.349 Pfreimd
34%
Neustadt an der Waldnaab 6.383 Grafenwöhr
33%
Regensburg 9.326 Hemau
33%
Neustadt an der Waldnaab 4.189 Eschenbach in der Oberpfalz
32%
Tirschenreuth 5.494 Kemnath
32%
Tirschenreuth 6.580 Mitterteich
32%
Amberg-Sulzbach 6.306 Vilseck
32%
Tirschenreuth 5.033 Erbendorf
31%
Schwandorf 8.312 Neunburg vorm Wald
31%
Cham 3.396 Rötz
29%
Regensburg 4.909 Wörth an der Donau
28%
Amberg-Sulzbach 8.781 Auerbach in der Oberpfalz
27%
Tirschenreuth 3.105 Bärnau
27%
Neustadt an der Waldnaab 4.271 Pressath
27%
Amberg-Sulzbach 5.630 Hirschau
26%
Neumarkt in der Oberpfalz 9.114 Freystadt
24%
Neumarkt in der Oberpfalz 6.167 Dietfurt an der Altmühl
23%
Neustadt an der Waldnaab 2.337 Pleystein
23%
Neumarkt in der Oberpfalz 8.745 Berching
22%
Amberg-Sulzbach 4.232 Schnaittenbach
22%
Neumarkt in der Oberpfalz 5.352 Velburg
21%
Schwandorf 2.404 Schönsee
20%
Tirschenreuth 4.261 Waldershof
20%
Keine übereinstimmenden Quizze gefunden
Verteilung der Resultate
Anzahl Personen mit jedem Resultat
Perzentil nach korrekt beantworteten Fragen
Ihre Resultats-Entwicklung
Sie haben dieses Quiz noch nicht gespielt